Dardanus (Record no. 170149)

MARC details
000 -LEADER
campo de control de longitud fija 00701nam a22001815i 4500
001 - NÚMERO DE CONTROL
campo de control 170149
003 - IDENTIFICADOR DE NÚMERO DE CONTROL
campo de control ES-MaACL
005 - FECHA Y HORA DE LA ÚLTIMA TRANSACCIÓN
campo de control 20230906214312.0
008 - DATOS DE LONGITUD FIJA--INFORMACIÓN GENERAL
campo de control de longitud fija 090206s1980 fr |||| | fre d
080 ## - NÚMERO DE LA CLASIFICACIÓN DECIMAL UNIVERSAL
Número de la Clasificación Decimal Universal 782.1
100 1# - ENTRADA PRINCIPAL--NOMBRE DE PERSONA
Nombre de persona Rameau, Jean-Philippe.
9 (RLIN) 138726
245 10 - MENCIÓN DEL TÍTULO
Título Dardanus
Resto del título : tragédie lyrique en 5 actes /
Mención de responsabilidad, etc. musique de Jean-Philippe Rameau (1683-1764) ; paroles de Le Clerc de la Bruere.
260 ## - PUBLICACIÓN, DISTRIBUCIÓN, ETC.
Lugar de publicación, distribución, etc. Paris :
Nombre del editor, distribuidor, etc. Librairie Théâtrale :
-- Gérard Billaudot,
Fecha de publicación, distribución, etc. [1980]
300 ## - DESCRIPCIÓN FÍSICA
Extensión 29 p. ;
Dimensiones 18 cm.
650 14 - PUNTO DE ACCESO ADICIONAL DE MATERIA--TÉRMINO DE MATERIA
Término de materia o nombre geográfico como elemento de entrada Óperas-
Subdivisión de forma Libretos.
9 (RLIN) 137584
700 1# - ENTRADA AGREGADA--NOMBRE PERSONAL
Nombre de persona Le Clerc de La Bruère, Charles-Antoine.
9 (RLIN) 139367
852 ## - LOCALIZACIÓN
Ubicación ES-MaACL
Número de control de estantería 2246-F-11
itemnumber R.140991
Nota libre .- Biblioteca Jacinto Martínez Lacalle
Holdings
Estatus retirado Estado de pérdida Estado de daño No para préstamo Colección Biblioteca de origen Biblioteca actual Ubicación en estantería Fecha de adquisición Fuente de adquisición Total de préstamos Signatura topográfica completa Código de barras Visto por última vez Precio de reemplazo Tipo de ítem Koha
        Colección de folletos Biblioteca del Ateneo de Madrid Biblioteca del Ateneo de Madrid Depósito folletos 06/02/2009     2246-F-11 1178634 23/02/2023 23/02/2023 Folleto